| 000 | 00414nam a22001697a 4500 | ||
|---|---|---|---|
| 003 | NUST - PNEC | ||
| 005 | 20170116180922.0 | ||
| 008 | 150819b xxu||||| |||| 00| 0 eng d | ||
| 020 | _a8120309529 | ||
| 040 | _cLIBRARY | ||
| 082 | _a533.2 RAT | ||
| 100 |
_95269 _aRathakrishnan, E. |
||
| 245 |
_aGas dynamics _cE. Rathakrishnan |
||
| 260 | _cc.1995 | ||
| 650 |
_95270 _aGas Dynamics _xME/ MIS |
||
| 942 |
_2ddc _cBK |
||
| 999 |
_c65660 _d65660 |
||